000
00301nam a22001337a 4500
008
170621b xxu||||| |||| 00| 0 eng d
020
_a
9780131722323
041
_a
eng
080
_2
44 ED
_a
94(7/8)
100
_a
18
101
_a
SHH
245
_a
PROFIT WITHOUT HONOR
_c
ROSOFF.S
942
_2
udc
_c
BK
999
_c
18423
_d
18423